Finanční hospodaření akciových společností.

Finančné hospodárenie akciových spoločností v ČSFR podľa nových právnych predpisov a najmä zákona č. 104/90 Zb. Základný kapitál ako základ finančného hospodárenia. Finančné fondy a.s. Rozdelenie zisku a úhrada strát. Zdaňovanie akciových spoločností. Správne a riadiace orgány a.s.

Salvato in:
Dettagli Bibliografici
Autore principale: Beneš, L.
Natura: Capitolo di libro
Lingua:ceco
Soggetti:
Tags: Aggiungi Tag
Nessun Tag, puoi essere il primo ad aggiungerne!!

MARC

LEADER 00000naa a2200000 4500
001 r003748
005 20220819180754.4
041 0 |a cze 
044 |a [CS] 
245 1 0 |a Finanční hospodaření akciových společností.  |c L. Beneš 
520 |a Finančné hospodárenie akciových spoločností v ČSFR podľa nových právnych predpisov a najmä zákona č. 104/90 Zb. Základný kapitál ako základ finančného hospodárenia. Finančné fondy a.s. Rozdelenie zisku a úhrada strát. Zdaňovanie akciových spoločností. Správne a riadiace orgány a.s. 
610 2 0 |a spoločnosti akciové 
610 2 0 |a hospodárenie finančné 
610 2 0 |a kapitál 
610 2 0 |a akcie 
610 2 0 |a deetatizácia 
610 2 0 |a fondy finančné 
610 2 0 |a zisk podnikový 
610 2 0 |a strata 
610 2 0 |a dane zo zisku 
610 2 0 |a dane z obratu 
610 2 0 |a ČSFR 
100 1 |a Beneš, L.